00488nam a2200121Ia 4500008004100000245012800041260003100169260000900200300000900209650002600218650001200244856011000256170516s9999 xx 000 0 und d aMeasurement of eye lens dose for Varian On-Board Imaging with different cone-beam computedtomography acquisition techniques bJournal of Medical Physics c2016 a41:4 xRadiologic Technology xRadtech uhttp://www.jmp.org.in/showBackIssue.asp?issn=0971-6203;year=2016;volume=41;issue=4;month=October-December